000 01053nam a22003017a 4500
003 CHAP
005 20220329140733.0
008 971013s1984 r 00010 d
010 _a56787
011 _a57759
035 _a61914
040 _cCHAP
082 _a631.4
_bS2
100 0 0 _aSchroeder, Diedrich.
_9103183
245 _aSoils
_b: facts and concepts
260 _aBern, Switzeland :
_bInternational Potash Institute,
_c1984
300 _a140 p.
_b: ilus. ; gráfs.
590 _aBATCH-UPD
_b10
_c20130110
_lUCH01
_h0336
590 _aCONVERSION
_b10
_c20130109
_lUCH01
_h1331
650 1 4 _aSuelos.
_9110191
901 _aBK
942 _cLIBRO
949 _a631.4 S2
_bBC
_cLIBRO
_d33724000064283
_eLIBRO
_h63480
_i61914
_si
949 _a631.4 S2
_bBC
_cLIBRO
_d33724000064291
_eLIBRO
_fc.2
_h66859
_i61914
_si
949 _a631.4 S2
_bBC
_cLIBRO
_d33724000064309
_eLIBRO
_fc.3
_h66860
_i61914
_si
949 _a631.4 S2
_bBC
_cLIBRO
_d33724000064317
_eLIBRO
_fc.4
_h66861
_i61914
_si
949 _a631.4 S2
_bBC
_cLIBRO
_d33724000064325
_eLIBRO
_fc.5
_h667417
_i61914
_si
999 _c56787
_d56787